| 000 | 00469nam a2200133Ia 4500 | ||
|---|---|---|---|
| 008 | 220217s9999 xx 000 0 und d | ||
| 100 | _aSujisha, T.C. | ||
| 245 | 0 | _aPhytohormones and oxidative stress in tapping panel dryness (TPD) affected Hevea brasiliensis (Willd. Ex. Adr de Juss.) Muell. Arg. | |
| 260 |
_bMahatma Gandhi University _a Kottayam. _c2009 |
||
| 500 | _aAvailable in Physiology | ||
| 500 | _aCourse: M.Sc. | ||
| 700 | _aDr R Krishnakumar | ||
| 942 | _cTS | ||
| 999 |
_c74403 _d74403 |
||